| 000 | 00698nam a2200253Ia 4500 | ||
|---|---|---|---|
| 001 | 39300 | ||
| 005 | 20240114002047.0 | ||
| 007 | ta | ||
| 008 | 070818s1939 a g b000 u 465 u | ||
| 040 | _aCotton College,Assam | ||
| 041 | _a465 | ||
| 082 |
_a297.909 _bM 441 P |
||
| 100 | _aMaududi, Syed Abul Ala. | ||
| 245 | 0 |
_aPolitical Theory of Islam / _cSyed Abul Ala Maududi. _hTextual Documents |
|
| 250 | _a1st ed. / | ||
| 260 |
_aRampur : _bMaktaba-e-Jamate Islami Hind , _c1939. |
||
| 300 |
_a61p. : _bill ; _c19cm . |
||
| 653 | _aPolitical Theory-Islam | ||
| 653 | _aIslam-Political Theory | ||
| 942 |
_2ddc _cBK |
||
| 999 |
_c39272 _d39272 |
||